<?xml version="1.0" encoding="UTF-8"?>
<record
    xmlns:xsi="http://www.w3.org/2001/XMLSchema-instance"
    xsi:schemaLocation="http://www.loc.gov/MARC21/slim http://www.loc.gov/standards/marcxml/schema/MARC21slim.xsd"
    xmlns="http://www.loc.gov/MARC21/slim">

  <leader>00912na  a2200301   4500</leader>
  <controlfield tag="001">22294</controlfield>
  <controlfield tag="003">MIRAKIL</controlfield>
  <controlfield tag="005">20181213155308.0</controlfield>
  <controlfield tag="008">170213b        tu            000 0      </controlfield>
  <datafield tag="020" ind1=" " ind2=" ">
    <subfield code="a">9756774724</subfield>
  </datafield>
  <datafield tag="035" ind1=" " ind2=" ">
    <subfield code="a">22294</subfield>
  </datafield>
  <datafield tag="040" ind1=" " ind2=" ">
    <subfield code="a">Milas</subfield>
    <subfield code="b">tur</subfield>
    <subfield code="c">TR-AnCHP</subfield>
  </datafield>
  <datafield tag="041" ind1=" " ind2=" ">
    <subfield code="a">tur</subfield>
  </datafield>
  <datafield tag="082" ind1=" " ind2=" ">
    <subfield code="a">923.2 Erdo&#x11F;an, R.T.</subfield>
    <subfield code="b">B74e 2003</subfield>
  </datafield>
  <datafield tag="090" ind1=" " ind2=" ">
    <subfield code="a">923.2 Erdo&#x11F;an,R.T. B74e 2003</subfield>
  </datafield>
  <datafield tag="100" ind1=" " ind2=" ">
    <subfield code="a">B&#xF6;l&#xFC;k, Mehmet</subfield>
  </datafield>
  <datafield tag="245" ind1=" " ind2=" ">
    <subfield code="a">El Tayyip</subfield>
    <subfield code="c">Mehmet B&#xF6;l&#xFC;k</subfield>
  </datafield>
  <datafield tag="250" ind1=" " ind2=" ">
    <subfield code="a">gn&#x15F;l. 3. bs.</subfield>
  </datafield>
  <datafield tag="260" ind1=" " ind2=" ">
    <subfield code="a">&#x130;stanbul</subfield>
    <subfield code="b">Toplumsal D&#xF6;n&#xFC;&#x15F;&#xFC;m Yay&#x131;nlar&#x131;</subfield>
    <subfield code="c">2003</subfield>
  </datafield>
  <datafield tag="300" ind1=" " ind2=" ">
    <subfield code="a">205 s.</subfield>
    <subfield code="b">res.</subfield>
    <subfield code="c">20 sm.</subfield>
  </datafield>
  <datafield tag="490" ind1=" " ind2=" ">
    <subfield code="a">Toplumsal D&#xF6;n&#xFC;&#x15F;&#xFC;m Yay&#x131;nlar&#x131;</subfield>
    <subfield code="v">186</subfield>
  </datafield>
  <datafield tag="490" ind1=" " ind2=" ">
    <subfield code="a">Ara&#x15F;t&#x131;rma-&#x130;nceleme Dizisi</subfield>
    <subfield code="v">50</subfield>
  </datafield>
  <datafield tag="600" ind1=" " ind2=" ">
    <subfield code="a">Erdo&#x11F;an, Recep Tayyip</subfield>
    <subfield code="d">1954-</subfield>
  </datafield>
  <datafield tag="650" ind1=" " ind2=" ">
    <subfield code="a">Siyaset&#xE7;iler</subfield>
    <subfield code="x">Ya&#x15F;am&#xF6;yk&#xFC;s&#xFC; </subfield>
    <subfield code="z">T&#xFC;rkiye</subfield>
  </datafield>
  <datafield tag="650" ind1=" " ind2=" ">
    <subfield code="a">&#x130;slam ve devlet</subfield>
    <subfield code="z">T&#xFC;rkiye</subfield>
  </datafield>
  <datafield tag="651" ind1=" " ind2=" ">
    <subfield code="a">T&#xFC;rkiye</subfield>
    <subfield code="x">Siyaset ve y&#xF6;netim</subfield>
    <subfield code="y">1980-</subfield>
  </datafield>
  <datafield tag="942" ind1=" " ind2=" ">
    <subfield code="2">ddc</subfield>
    <subfield code="c">BKS</subfield>
  </datafield>
  <datafield tag="952" ind1=" " ind2=" ">
    <subfield code="a">0001</subfield>
    <subfield code="b">0001</subfield>
    <subfield code="d">2017-02-13</subfield>
    <subfield code="e">2</subfield>
    <subfield code="l">1</subfield>
    <subfield code="o">923.2 Erdo&#x11F;an,R.T. B74e 2003</subfield>
    <subfield code="p">012997</subfield>
    <subfield code="r">2020-10-12 00:00:00</subfield>
    <subfield code="s">2020-09-29</subfield>
    <subfield code="v">0.00</subfield>
    <subfield code="w">2017-02-13</subfield>
    <subfield code="y">BKS</subfield>
  </datafield>
  <datafield tag="952" ind1=" " ind2=" ">
    <subfield code="a">0001</subfield>
    <subfield code="b">0001</subfield>
    <subfield code="d">2019-02-17</subfield>
    <subfield code="e">2</subfield>
    <subfield code="l">0</subfield>
    <subfield code="o">923.2 Erdo&#x11F;an,R.T. B74e 2003</subfield>
    <subfield code="p">018858</subfield>
    <subfield code="r">2019-02-17 00:00:00</subfield>
    <subfield code="w">2019-02-17</subfield>
    <subfield code="x">Kemal K&#x131;l&#x131;&#xE7;daro&#x11F;lu ba&#x11F;&#x131;&#x15F;&#x131;d&#x131;r.</subfield>
    <subfield code="y">BKS</subfield>
  </datafield>
  <datafield tag="999" ind1=" " ind2=" ">
    <subfield code="c">10140</subfield>
    <subfield code="d">10140</subfield>
  </datafield>
</record>
